Linear and nonlinear programming /

This book is about: Basics; Linear programming; Unconstrained Optimization; Nonlinear programming; ...

Spremljeno u:
Bibliografski detalji
Glavni autor: Nash, Stephen
Daljnji autori: Sofer, Ariela.
Format: Knjiga
Jezik:English
Izdano: New York : McGraw-Hill, 1996.
Teme:
Oznake: Dodaj oznaku
Bez oznaka, Budi prvi tko označuje ovaj zapis!
Thư viện lưu trữ: Mạng thư viện Đại học Đà Nẵng
LEADER 01045cam a2200361 i 4500
001 000048525
003 8247
005 20030325155842.0
008 010324|1996 vm 000 eng
020 |a 0070460655 
040 |a IRC  |c IRC  |d IRC 
041 0 |a eng 
082 1 4 |a 519.7  |b NA-S 
100 1 |a Nash, Stephen  |q (Stephen G.) 
245 0 0 |a Linear and nonlinear programming /  |c Stephen G. Nash and Ariela Sofer. 
260 |a New York :  |b McGraw-Hill,  |c 1996. 
300 |a xxvi, 692 p. :  |b ill. ;  |c 22.5cm. 
520 3 |a This book is about: Basics; Linear programming; Unconstrained Optimization; Nonlinear programming; ... 
630 0 4 |a Linear programming. 
630 0 4 |a Nonlinear programming. 
650 0 4 |a Linear programming. 
650 0 4 |a Nonlinear programming. 
700 1 |a Sofer, Ariela. 
OWN |a DUT 
999 |a From the UDN01 
TYP |a Monograph 
TYP |a Printed language 
980 |a Mạng thư viện Đại học Đà Nẵng